[Event "22. Aberto Xadrez Albariño"]
[Site "Cambados ESP"]
[Date "2006.08.08"]
[Round "6.5"]
[White "Rodriguez Lopez, Rafael"]
[Black "Nemeth, Francisc"]
[Result "0-1"]
[WhiteElo "2281"]
[BlackElo "2458"]
[PlyCount "116"]
[EventDate "2006.08.03"]
[EventType "swiss"]
[EventRounds "9"]
[EventCountry "ESP"]
[Source "lmi"]
[SourceDate "2006.08.11"]

1. d4 Nf6 2. Nf3 g6 3. g3 Bg7 4. Bg2 O-O 5. O-O d6 6. Re1 Ne4 7. c3 c5 8. dxc5
Nxc5 9. e4 Nc6 10. Na3 Rb8 11. Nc2 Bd7 12. Ncd4 b5 13. Nxc6 Bxc6 14. Nd4 Ba8
15. h4 h5 16. Bg5 Re8 17. Qd2 a5 18. Rad1 Qc7 19. Bh6 Bh8 20. Bf3 Bf6 21. Qe2
Na4 22. Bxh5 b4 23. Qg4 Kh7 24. Ne6 Qc8 25. Bc1 Rb5 26. Ng5+ Bxg5 27. hxg5 bxc3
28. Qh4 Kg8 29. Bg4 Qc6 30. Be6 Rxg5 31. Bd5 Qb5 32. Bf4 Rxd5 33. exd5 cxb2 34.
Be3 Bxd5 35. Rxd5 b1=Q 36. Rxb5 Qxe1+ 37. Kg2 Nc3 38. Rxa5 Ne2 39. Ra7 Qg1+ 40.
Kf3 Qf1 41. Qa4 Ng1+ 42. Ke4 Qb1+ 43. Kd5 Qf5+ 44. Kc6 Nf3 45. Ra8 Ne5+ 46. Kc7
Rxa8 47. Qxa8+ Kh7 48. Qc8 Qe4 49. Kd8 Nc6+ 50. Ke8 Kg7 51. Qb7 Qd5 52. Qb3 Qf5
53. Qc3+ Ne5 54. Qc7 Qe4 55. Kxe7 Qd5 56. Qxd6 Qb7+ 57. Ke8 Qc8+ 58. Qd8 Qc6+
0-1

[Event "22. Aberto Xadrez Albariño"]
[Site "Cambados ESP"]
[Date "2006.08.08"]
[Round "6.6"]
[White "Bernal Moro, Luis Javier"]
[Black "Cruz Alvarez, Dan"]
[Result "1/2-1/2"]
[WhiteElo "2428"]
[BlackElo "2219"]
[PlyCount "37"]
[EventDate "2006.08.03"]
[EventType "swiss"]
[EventRounds "9"]
[EventCountry "ESP"]
[Source "lmi"]
[SourceDate "2006.08.11"]

1. d4 e6 2. Nf3 c5 3. e3 Nf6 4. c4 cxd4 5. exd4 d5 6. Nc3 Be7 7. cxd5 Nxd5 8.
Bc4 Nxc3 9. bxc3 O-O 10. O-O Nd7 11. Bd3 b6 12. Be4 Ba6 13. Bxa8 Bxf1 14. Bc6
Nb8 15. Be4 Bc4 16. Ne5 Bd5 17. Bxd5 Qxd5 18. c4 Qb7 19. Be3 1/2-1/2

[Event "22. Aberto Xadrez Albariño"]
[Site "Cambados ESP"]
[Date "2006.08.08"]
[Round "6.7"]
[White "Espiñeira Gonzalez, Pablo"]
[Black "Espiñeira Gonzalez, Diego"]
[Result "1/2-1/2"]
[WhiteElo "2219"]
[BlackElo "2337"]
[PlyCount "25"]
[EventDate "2006.08.03"]
[EventType "swiss"]
[EventRounds "9"]
[EventCountry "ESP"]
[Source "lmi"]
[SourceDate "2006.08.11"]

1. f4 g6 2. Nf3 Bg7 3. g3 c5 4. Bg2 d5 5. O-O Nc6 6. e3 Bg4 7. c3 c4 8. d4 f5
9. Qc2 Bxf3 10. Bxf3 Nf6 11. Nd2 Rc8 12. Bg2 O-O 13. Nf3 1/2-1/2

[Event "22. Aberto Xadrez Albariño"]
[Site "Cambados ESP"]
[Date "2006.08.08"]
[Round "6.8"]
[White "Garcia Castro, Pablo"]
[Black "Rodriguez Fontecha, Marcos"]
[Result "1-0"]
[WhiteElo "2336"]
[BlackElo "2193"]
[PlyCount "87"]
[EventDate "2006.08.03"]
[EventType "swiss"]
[EventRounds "9"]
[EventCountry "ESP"]
[Source "lmi"]
[SourceDate "2006.08.11"]

1. g3 d5 2. Bg2 c6 3. d3 Nf6 4. Nf3 Bf5 5. O-O e6 6. Nfd2 Nbd7 7. e4 dxe4 8.
dxe4 Bg4 9. Qe1 e5 10. a4 Be7 11. h3 Bh5 12. Nc3 O-O 13. Nc4 Re8 14. g4 Bg6 15.
Qe2 Bc5 16. Rd1 Qc7 17. Be3 Bxe3 18. Qxe3 Nf8 19. Qc5 N6d7 20. Qd6 Rac8 21. Bf1
Re6 22. Qxc7 Rxc7 23. Nd6 Nb6 24. a5 Nc8 25. Nxc8 Rxc8 26. h4 h6 27. h5 Bh7 28.
Bc4 Rf6 29. Rd3 g6 30. Rad1 Kg7 31. Kg2 Re8 32. f3 Ne6 33. Bxe6 Rfxe6 34. Rd7
R6e7 35. hxg6 fxg6 36. Na4 Bg8 37. R1d6 Rf7 38. Nc5 b6 39. Nd3 bxa5 40. Rxf7+
Bxf7 41. Rxc6 Re7 42. Kf2 h5 43. g5 Be8 44. Rc5 1-0

[Event "22. Aberto Xadrez Albariño"]
[Site "Cambados ESP"]
[Date "2006.08.08"]
[Round "6.9"]
[White "Fernandez Fernandez, Juan Carlos"]
[Black "Padeiro, Jose Joao Tato"]
[Result "1/2-1/2"]
[WhiteElo "2105"]
[BlackElo "2275"]
[PlyCount "62"]
[EventDate "2006.08.03"]
[EventType "swiss"]
[EventRounds "9"]
[EventCountry "ESP"]
[Source "lmi"]
[SourceDate "2006.08.11"]

1. d4 c5 2. d5 d6 3. e4 e5 4. Nc3 Be7 5. Nf3 a6 6. a4 Bg4 7. Be2 Bxf3 8. Bxf3
Bg5 9. O-O Bxc1 10. Qxc1 Ne7 11. g3 O-O 12. Bg2 Nd7 13. Bh3 f5 14. f4 exf4 15.
Rxf4 fxe4 16. Nxe4 Ng6 17. Rxf8+ Ndxf8 18. Qg5 Qxg5 19. Nxg5 Ne5 20. Ra3 c4 21.
Re3 Rd8 22. b3 h6 23. Ne6 Re8 24. Nd4 Nfg6 25. Bf5 cxb3 26. Rxb3 Ne7 27. Be6+
Kf8 28. Rxb7 Nc4 29. Rb4 Ne5 30. Rb6 Nc4 31. Rb4 Ne5 1/2-1/2

[Event "22. Aberto Xadrez Albariño"]
[Site "Cambados ESP"]
[Date "2006.08.08"]
[Round "6.10"]
[White "Garcia Del Campo, Luis A"]
[Black "Menendez Rey, Javier"]
[Result "0-1"]
[WhiteElo "2090"]
[BlackElo "2255"]
[PlyCount "64"]
[EventDate "2006.08.03"]
[EventType "swiss"]
[EventRounds "9"]
[EventCountry "ESP"]
[Source "lmi"]
[SourceDate "2006.08.11"]

1. d4 Nf6 2. c4 g6 3. Nc3 Bg7 4. e4 d6 5. f4 O-O 6. Bd3 c5 7. d5 e6 8. dxe6
fxe6 9. Nge2 Nc6 10. O-O Nd4 11. h3 Kh8 12. Be3 Nh5 13. g4 e5 14. f5 Qh4 15.
Kg2 gxf5 16. exf5 b5 17. Be4 b4 18. Bxd4 bxc3 19. Bf2 Qg5 20. Nxc3 Rb8 21. b3
Nf4+ 22. Kh2 Rf6 23. Be3 Rh6 24. Bg2 Bb7 25. Nd5 Bxd5 26. Qxd5 Qxg4 27. Qf3
Qxf5 28. Rad1 Rf8 29. Bxf4 exf4 30. Rd5 Be5 31. Kh1 Rg8 32. Rd3 Rg3 0-1

[Event "22. Aberto Xadrez Albariño"]
[Site "Cambados ESP"]
[Date "2006.08.09"]
[Round "7.1"]
[White "Manolache, Marius"]
[Black "Starostits, Ilmars"]
[Result "0-1"]
[WhiteElo "2501"]
[BlackElo "2445"]
[PlyCount "122"]
[EventDate "2006.08.03"]
[EventType "swiss"]
[EventRounds "9"]
[EventCountry "ESP"]
[Source "lmi"]
[SourceDate "2006.08.11"]

1. d4 Nf6 2. Nf3 e6 3. e3 b6 4. Bd3 Bb7 5. O-O c5 6. c4 Be7 7. Nc3 cxd4 8. exd4
d5 9. cxd5 Nxd5 10. Bb5+ Bc6 11. Qa4 Qd7 12. Bxc6 Nxc6 13. Bd2 O-O 14. Rac1
Rac8 15. Rfd1 Rfd8 16. h3 h6 17. Qb5 Qb7 18. Qe2 Nxc3 19. Bxc3 Rd5 20. Rc2 Rcd8
21. Rdc1 Bf6 22. Ne5 Bg5 23. Nxc6 Qxc6 24. Re1 Bf6 25. Rd1 Qd7 26. Rcd2 Bg5 27.
Rd3 e5 28. g3 Bf6 29. dxe5 Rxd3 30. Qxd3 Qxd3 31. Rxd3 Rxd3 32. exf6 g5 33. Kf1
Rd1+ 34. Kg2 Kh7 35. g4 Kg6 36. a3 Rd3 37. Be5 b5 38. Bc3 Rxc3 39. bxc3 Kxf6
40. Kf3 Ke5 41. Ke3 a5 42. Kd3 Kd5 43. f3 f6 44. Kc2 Kc4 45. Kb2 Kd5 46. Kb3
Kc5 47. Kc2 Kd6 48. Kb3 Kd5 49. Kc2 Kc4 50. Kb2 Kd3 51. Kb3 Ke3 52. c4 bxc4+
53. Kxc4 Kxf3 54. Kb5 Kg3 55. Kxa5 Kxh3 56. Kb4 Kxg4 57. a4 f5 58. a5 f4 59.
Kc3 f3 60. Kd2 Kg3 61. a6 f2 0-1

[Event "22. Aberto Xadrez Albariño"]
[Site "Cambados ESP"]
[Date "2006.08.09"]
[Round "7.3"]
[White "Nemeth, Francisc"]
[Black "Nanu, Ciprian"]
[Result "1/2-1/2"]
[WhiteElo "2458"]
[BlackElo "2457"]
[PlyCount "26"]
[EventDate "2006.08.03"]
[EventType "swiss"]
[EventRounds "9"]
[EventCountry "ESP"]
[Source "lmi"]
[SourceDate "2006.08.11"]

1. Nf3 c5 2. c4 Nc6 3. Nc3 g6 4. g3 Bg7 5. Bg2 Nh6 6. O-O Nf5 7. Rb1 O-O 8. a3
a5 9. d3 Nfd4 10. e3 Nxf3+ 11. Bxf3 d6 12. Bg2 Bd7 13. Bd2 Rb8 1/2-1/2

[Event "22. Aberto Xadrez Albariño"]
[Site "Cambados ESP"]
[Date "2006.08.09"]
[Round "7.5"]
[White "Rusev, Krasimir"]
[Black "Espiñeira Gonzalez, Pablo"]
[Result "1-0"]
[WhiteElo "2455"]
[BlackElo "2213"]
[PlyCount "137"]
[EventDate "2006.08.03"]
[EventType "swiss"]
[EventRounds "9"]
[EventCountry "ESP"]
[Source "lmi"]
[SourceDate "2006.08.11"]

1. d4 d5 2. Nf3 e6 3. c4 c6 4. Qc2 Be7 5. g3 Nf6 6. Bg2 O-O 7. O-O Re8 8. Rd1
b6 9. b3 Bb7 10. Nc3 Nbd7 11. e4 dxe4 12. Ng5 Qc7 13. Bf4 Bd6 14. Bxd6 Qxd6 15.
c5 Qe7 16. Ncxe4 h6 17. Nxf6+ Nxf6 18. Nf3 Red8 19. Ne5 Nd5 20. Rac1 Rac8 21.
a3 a5 22. Re1 b5 23. Rcd1 b4 24. Bxd5 Rxd5 25. axb4 axb4 26. Qc4 Qc7 27. Qxb4
Ba6 28. Qc3 Rcd8 29. Nf3 Bb5 30. Ra1 Qe7 31. Re4 Qf6 32. Kg2 g5 33. h4 Qf5 34.
Qe3 g4 35. Ne5 h5 36. Rf4 Rxe5 37. Qxe5 Qxe5 38. dxe5 Rd7 39. Ra2 Kg7 40. f3
gxf3+ 41. Rxf3 Bd3 42. Kf2 Be4 43. Re3 Bd5 44. Rb2 Ra7 45. b4 Rb7 46. Ra3 Kg6
47. Ke3 Kf5 48. Kd4 Kg4 49. Re3 Rb8 50. Kc3 Rb7 51. Rf2 Ra7 52. Rf4+ Kh3 53.
Kb2 Ra2+ 54. Kb1 Ra7 55. g4+ Kxh4 56. gxh5+ Kxh5 57. Rg3 Rb7 58. Rg8 Rd7 59.
Rg7 Rb7 60. Rgxf7 Be4+ 61. Kb2 Rxb4+ 62. Kc3 Ra4 63. Rg7 Ra3+ 64. Kb4 Re3 65.
Rf8 Kh6 66. Rg1 Kh7 67. Rf4 Kh8 68. Rh4+ Bh7 69. Rgh1 1-0

[Event "22. Aberto Xadrez Albariño"]
[Site "Cambados ESP"]
[Date "2006.08.09"]
[Round "7.6"]
[White "Perez Fungueiro, Manuel"]
[Black "Bernal Moro, Luis Javier"]
[Result "1/2-1/2"]
[WhiteElo "2194"]
[BlackElo "2428"]
[PlyCount "32"]
[EventDate "2006.08.03"]
[EventType "swiss"]
[EventRounds "9"]
[EventCountry "ESP"]
[Source "lmi"]
[SourceDate "2006.08.11"]

1. c4 e5 2. g3 d6 3. Nc3 Nc6 4. Bg2 g6 5. e4 Bg7 6. Nge2 Nge7 7. d3 O-O 8. O-O
Nd4 9. Nxd4 exd4 10. Ne2 a5 11. b3 Bd7 12. h3 Rb8 13. g4 f5 14. exf5 gxf5 15.
Nf4 Be5 16. g5 Bxf4 1/2-1/2

[Event "22. Aberto Xadrez Albariño"]
[Site "Cambados ESP"]
[Date "2006.08.09"]
[Round "7.8"]
[White "Cruz Alvarez de Ron, Dan"]
[Black "Pena Torres, Carlos"]
[Result "1-0"]
[WhiteElo "2219"]
[BlackElo "2151"]
[PlyCount "33"]
[EventDate "2006.08.03"]
[EventType "swiss"]
[EventRounds "9"]
[EventCountry "ESP"]
[Source "lmi"]
[SourceDate "2006.08.11"]

1. c4 Nf6 2. Nc3 e6 3. e4 d5 4. e5 Nfd7 5. d4 dxc4 6. Bxc4 Nb6 7. Bd3 Nc6 8.
Nf3 Nb4 9. Bb1 c5 10. Bg5 Qd7 11. O-O N4d5 12. Ne4 c4 13. a4 Nb4 14. b3 cxb3
15. Qxb3 Qd5 16. Qd1 Bd7 17. a5 1-0

[Event "22. Aberto Xadrez Albariño"]
[Site "Cambados ESP"]
[Date "2006.08.09"]
[Round "7.9"]
[White "Padeiro, Jose Joao Tato"]
[Black "Viela, Andre Filipe Folha"]
[Result "1-0"]
[WhiteElo "2275"]
[BlackElo "2157"]
[PlyCount "87"]
[EventDate "2006.08.03"]
[EventType "swiss"]
[EventRounds "9"]
[EventCountry "ESP"]
[Source "lmi"]
[SourceDate "2006.08.11"]

1. d4 c5 2. d5 Nf6 3. Nc3 d6 4. e4 g6 5. Be2 Bg7 6. g4 h6 7. Be3 a6 8. a4 e5 9.
f3 Nh7 10. Qd2 f5 11. h3 f4 12. Bf2 Qa5 13. Nb1 Qxd2+ 14. Nxd2 b6 15. Nc4 Ke7
16. Nxb6 Ra7 17. b4 Rc7 18. bxc5 dxc5 19. Rd1 Kd8 20. Bc4 Bf8 21. h4 Bd6 22.
Ne2 Nf6 23. Nc3 Rb7 24. a5 Bd7 25. O-O g5 26. Rb1 Bxg4 27. fxg4 Nxg4 28. Be2
Nf6 29. Nc4 Rxb1 30. Rxb1 Kc7 31. Nxd6 Kxd6 32. Rb6+ Ke7 33. Bxc5+ Kf7 34. Bd6
Rc8 35. Bxe5 Nbd7 36. Rb7 gxh4 37. Bxf6 Kxf6 38. Rxd7 Rxc3 39. Bd3 Ke5 40. Kf2
Ra3 41. Rh7 Rxa5 42. Rxh6 Ra1 43. c3 f3 44. Kxf3 1-0

[Event "22. Aberto Xadrez Albariño"]
[Site "Cambados ESP"]
[Date "2006.08.09"]
[Round "7.10"]
[White "Sanchez Aller, Fernando"]
[Black "Rodriguez Calvo, Manoel"]
[Result "1-0"]
[WhiteElo "2299"]
[BlackElo "2123"]
[PlyCount "65"]
[EventDate "2006.08.03"]
[EventType "swiss"]
[EventRounds "9"]
[EventCountry "ESP"]
[Source "lmi"]
[SourceDate "2006.08.11"]

1. e4 c5 2. Nf3 e6 3. d4 cxd4 4. Nxd4 Nf6 5. Nc3 Bb4 6. e5 Nd5 7. Bd2 Nxc3 8.
bxc3 Be7 9. Qg4 O-O 10. Bh6 g6 11. Bxf8 Bxf8 12. f4 Qa5 13. Qg3 d6 14. exd6 Bg7
15. Rd1 Nd7 16. Be2 Qxa2 17. O-O Nc5 18. Qg5 Qa5 19. Nb5 Qb6 20. Kh1 Bd7 21.
Rb1 Ne4 22. Qe7 Bxb5 23. Bxb5 Nxc3 24. d7 Qd8 25. Qe8+ Bf8 26. Rb3 Ne4 27. f5
exf5 28. Re3 f6 29. Rfe1 a6 30. Bc4+ Kh8 31. Qf7 Bc5 32. Rxe4 fxe4 33. Rxe4 1-0

[Event "22. Aberto Xadrez Albariño"]
[Site "Cambados ESP"]
[Date "2006.08.10"]
[Round "8.2"]
[White "Garcia Castro, Pablo"]
[Black "Iotov, Valentin"]
[Result "0-1"]
[WhiteElo "2336"]
[BlackElo "2493"]
[PlyCount "64"]
[EventDate "2006.08.03"]
[EventType "swiss"]
[EventRounds "9"]
[EventCountry "ESP"]
[Source "lmi"]
[SourceDate "2006.08.11"]

1. e4 c5 2. Nc3 Nc6 3. g3 g6 4. Bg2 Bg7 5. d3 d6 6. Be3 Rb8 7. Qd2 b5 8. Nge2
b4 9. Nd1 Qb6 10. O-O e6 11. a3 a5 12. axb4 axb4 13. f4 Nge7 14. g4 f5 15. gxf5
exf5 16. Bf2 O-O 17. Ne3 Qc7 18. Nc4 Be6 19. exf5 gxf5 20. c3 bxc3 21. Nxc3 d5
22. Rfe1 Nd4 23. Na5 Rfd8 24. Kh1 Rd6 25. Rec1 Ra6 26. Nd1 Qd6 27. Qe3 Ng6 28.
Qg3 Ne2 29. Qe3 Nxc1 30. Qxc1 Rb5 31. Be1 Qxf4 32. Bd2 Qh4 0-1

[Event "22. Aberto Xadrez Albariño"]
[Site "Cambados ESP"]
[Date "2006.08.10"]
[Round "8.3"]
[White "Rusev, Krasimir"]
[Black "Manolache, Marius"]
[Result "0-1"]
[WhiteElo "2455"]
[BlackElo "2501"]
[PlyCount "88"]
[EventDate "2006.08.03"]
[EventType "swiss"]
[EventRounds "9"]
[EventCountry "ESP"]
[Source "lmi"]
[SourceDate "2006.08.11"]

1. d4 d6 2. c4 g6 3. Nc3 Bg7 4. e4 Nd7 5. Be2 a6 6. Nf3 c5 7. O-O cxd4 8. Nxd4
Ngf6 9. Be3 O-O 10. Qd2 Re8 11. f3 Nc5 12. b4 Ne6 13. Nb3 b6 14. Rac1 Nd7 15.
Rfd1 Bb7 16. Bf1 a5 17. a3 Bc6 18. Rb1 h5 19. Rdc1 Kh7 20. Ne2 axb4 21. axb4
Ra3 22. Ned4 Nxd4 23. Nxd4 Bb7 24. Rc2 Ne5 25. h3 Qb8 26. Nb5 Ra6 27. Bf2 Rc8
28. Rcc1 Qa8 29. Bxb6 Ra2 30. Qe1 Qb8 31. Bf2 Bh6 32. Rc3 Ba6 33. Rd1 Rxf2 34.
Kxf2 Bxb5 35. cxb5 Qb6+ 36. Kg3 Qg1 37. h4 g5 38. Be2 gxh4+ 39. Kh3 Qxe1 40.
Rxe1 Rxc3 41. Kxh4 Rb3 42. Kxh5 Rxb4 43. Ra1 Kg7 44. Ra7 Rb1 0-1

[Event "22. Aberto Xadrez Albariño"]
[Site "Cambados ESP"]
[Date "2006.08.10"]
[Round "8.4"]
[White "Casares Cabanas, Carlos"]
[Black "Nemeth, Francisc"]
[Result "1/2-1/2"]
[WhiteElo "2207"]
[BlackElo "2458"]
[PlyCount "92"]
[EventDate "2006.08.03"]
[EventType "swiss"]
[EventRounds "9"]
[EventCountry "ESP"]
[Source "lmi"]
[SourceDate "2006.08.11"]

1. e4 c5 2. Nf3 Nc6 3. d4 cxd4 4. Nxd4 Nf6 5. Nc3 d6 6. Bc4 Qb6 7. Nb3 e6 8.
O-O Be7 9. Be3 Qc7 10. f4 a6 11. Bd3 b5 12. Qf3 Bb7 13. Qh3 Nb4 14. a3 Nxd3 15.
cxd3 Nd7 16. Rac1 Nc5 17. Ne2 Qd8 18. Nxc5 dxc5 19. Bxc5 Bxc5+ 20. Rxc5 Qb6 21.
Qe3 O-O 22. d4 f5 23. e5 Rad8 24. Rfc1 Bd5 25. h3 Rd7 26. b3 Qb7 27. Qg3 Rfd8
28. Kh2 Qb8 29. Qc3 Qb7 30. Rg1 a5 31. Qxa5 Bxb3 32. Rxb5 Qe4 33. Rxb3 Qxe2 34.
Qe1 Qa2 35. Qg3 Qd2 36. Rd3 Qb2 37. Rgd1 Rxd4 38. Qe3 Rxd3 39. Rxd3 Rxd3 40.
Qxd3 Qf2 41. Qc4 Kf7 42. a4 h5 43. a5 h4 44. a6 Qg3+ 45. Kg1 Qe1+ 46. Qf1 Qa5
1/2-1/2

[Event "22. Aberto Xadrez Albariño"]
[Site "Cambados ESP"]
[Date "2006.08.10"]
[Round "8.5"]
[White "Nanu, Ciprian"]
[Black "Cruz Alvarez de Ron, Dan"]
[Result "1-0"]
[WhiteElo "2457"]
[BlackElo "2219"]
[PlyCount "101"]
[EventDate "2006.08.03"]
[EventType "swiss"]
[EventRounds "9"]
[EventCountry "ESP"]
[Source "lmi"]
[SourceDate "2006.08.11"]

1. e4 e6 2. c4 d5 3. exd5 exd5 4. d4 Nf6 5. Nc3 Be7 6. Nf3 O-O 7. Be2 c5 8. O-O
cxd4 9. Nxd4 dxc4 10. Be3 Na6 11. Bxc4 Bg4 12. Qc2 Qa5 13. h3 Bh5 14. a3 Rac8
15. Ba2 Bg6 16. Qe2 Rfd8 17. Rfd1 Bf8 18. Ndb5 Rxd1+ 19. Rxd1 Rd8 20. b4 Rxd1+
21. Qxd1 Nxb4 22. axb4 Bxb4 23. Bxa7 h6 24. Bd4 Ne4 25. Nxe4 Qxa2 26. Ned6 Qd5
27. Qf3 Qc6 28. Be5 Qxf3 29. gxf3 Bd3 30. Bc3 Bxc3 31. Nxc3 b6 32. f4 Kf8 33.
Kg2 g5 34. Kf3 Kg7 35. Kg4 Kf6 36. Nde4+ Ke6 37. fxg5 hxg5 38. Nxg5+ Ke5 39.
Nxf7+ Kd4 40. Na4 b5 41. Nb2 Be2+ 42. Kf4 Kc3 43. Ke3 Bf1 44. h4 Kxb2 45. h5
Kc2 46. Ne5 Bh3 47. Nc6 Kc3 48. Nd4 b4 49. h6 b3 50. Nxb3 Bf5 51. Nd4 1-0

[Event "22. Aberto Xadrez Albariño"]
[Site "Cambados ESP"]
[Date "2006.08.10"]
[Round "8.7"]
[White "Perez Fungueiro, Manuel"]
[Black "Sanchez Aller, Fernando"]
[Result "1/2-1/2"]
[WhiteElo "2194"]
[BlackElo "2299"]
[PlyCount "73"]
[EventDate "2006.08.03"]
[EventType "swiss"]
[EventRounds "9"]
[EventCountry "ESP"]
[Source "lmi"]
[SourceDate "2006.08.11"]

1. c4 Nf6 2. g3 c6 3. Bg2 d5 4. Nf3 dxc4 5. O-O b5 6. a4 Bb7 7. b3 cxb3 8. Qxb3
a6 9. Ba3 Nbd7 10. Nc3 e6 11. Bxf8 Kxf8 12. d4 Qe7 13. Ne5 Nxe5 14. dxe5 Nd7
15. axb5 Nc5 16. Qa3 cxb5 17. Bxb7 Nxb7 18. Nxb5 Qxa3 19. Rxa3 g5 20. Nc7 Rd8
21. Nxa6 Kg7 22. Rb1 Rd7 23. Rd3 Rxd3 24. exd3 Ra8 25. Nc7 Ra7 26. Ne8+ Kg6 27.
Nf6 Nc5 28. d4 Nd7 29. Nxd7 Rxd7 30. Rb4 Kf5 31. f3 Ra7 32. Rb2 Ra3 33. Rb7 Kg6
34. Kg2 Ra2+ 35. Kg1 Ra3 36. Kg2 Ra2+ 37. Kg1 1/2-1/2

[Event "22. Aberto Xadrez Albariño"]
[Site "Cambados ESP"]
[Date "2006.08.10"]
[Round "8.8"]
[White "Rodriguez Lopez, Rafael"]
[Black "Herraiz Sierra, Ignacio"]
[Result "1-0"]
[WhiteElo "2281"]
[BlackElo "2061"]
[PlyCount "121"]
[EventDate "2006.08.03"]
[EventType "swiss"]
[EventRounds "9"]
[EventCountry "ESP"]
[Source "lmi"]
[SourceDate "2006.08.11"]

1. d4 f5 2. Nf3 Nf6 3. g3 e6 4. Bg2 Be7 5. O-O O-O 6. c4 d6 7. Nc3 Ne4 8. Qc2
Nxc3 9. Qxc3 Bf6 10. Rd1 Qe7 11. Qb3 Kh8 12. c5 dxc5 13. dxc5 e5 14. e4 Na6 15.
exf5 Nxc5 16. Qc2 e4 17. Be3 Nd3 18. Nd2 Bxf5 19. Nxe4 Bxe4 20. Bxe4 Qxe4 21.
Qxd3 Qxd3 22. Rxd3 Rfd8 23. Rad1 b6 24. Bd4 Bxd4 25. Rxd4 Rxd4 26. Rxd4 c5 27.
Rd7 Kg8 28. Kf1 b5 29. b3 a6 30. Rc7 Rd8 31. Rxc5 Rd1+ 32. Ke2 Ra1 33. Rc2 Kf7
34. f4 Ke7 35. Kd3 Kd6 36. Ke4 Re1+ 37. Kf5 Ra1 38. Re2 a5 39. Rd2+ Ke7 40. Ke5
Re1+ 41. Kd5 Rc1 42. Kd4 Ke6 43. Re2+ Kf6 44. Kd3 a4 45. Rc2 Rb1 46. Kc3 a3 47.
Kb4 Rb2 48. Rc6+ Kf7 49. Kxa3 Rxh2 50. Rc3 Rg2 51. Kb4 Rd2 52. Kxb5 Rg2 53. Kc6
Rb2 54. Kc5 Kf6 55. b4 Kf5 56. b5 h5 57. b6 h4 58. gxh4 Kxf4 59. Rc4+ Ke5 60.
Kc6 Ke6 61. b7 1-0

[Event "22. Aberto Xadrez Albariño"]
[Site "Cambados ESP"]
[Date "2006.08.10"]
[Round "8.9"]
[White "Padeiro, Jose Joao Tato"]
[Black "Rodriguez Fontecha, Marcos"]
[Result "1-0"]
[WhiteElo "2275"]
[BlackElo "2193"]
[PlyCount "77"]
[EventDate "2006.08.03"]
[EventType "swiss"]
[EventRounds "9"]
[EventCountry "ESP"]
[Source "lmi"]
[SourceDate "2006.08.11"]

1. e4 e6 2. d4 d5 3. exd5 exd5 4. Bd3 Bd6 5. Qf3 Ne7 6. Ne2 O-O 7. O-O c6 8. c3
Qc7 9. Bf4 Nd7 10. Bxd6 Qxd6 11. Nd2 Nf6 12. h3 Bd7 13. Rfe1 Rae8 14. Nf1 Ng6
15. Qg3 Qxg3 16. Nfxg3 Ne4 17. f3 Nd6 18. Kf2 f5 19. Nh5 Nh4 20. g3 Ng6 21. h4
Rf7 22. Nhf4 Nxf4 23. Nxf4 Rfe7 24. Rxe7 Rxe7 25. b3 Be8 26. c4 dxc4 27. bxc4
Bf7 28. c5 Nb5 29. Bxb5 cxb5 30. d5 Rd7 31. Rd1 g6 32. a3 Kg7 33. Ke3 h6 34. d6
Kf6 35. Kd4 Bc4 36. Re1 a5 37. Nd5+ Kf7 38. Nb6 Rd8 39. Re7+ 1-0

[Event "22. Aberto Xadrez Albariño"]
[Site "Cambados ESP"]
[Date "2006.08.10"]
[Round "8.10"]
[White "Espiñeira Gonzalez, Diego"]
[Black "Fernandez Fernandez, Juan Carlos"]
[Result "1/2-1/2"]
[WhiteElo "2337"]
[BlackElo "2105"]
[PlyCount "137"]
[EventDate "2006.08.03"]
[EventType "swiss"]
[EventRounds "9"]
[EventCountry "ESP"]
[Source "lmi"]
[SourceDate "2006.08.11"]

1. e4 c6 2. d4 d5 3. Nd2 dxe4 4. Nxe4 Nf6 5. Nxf6+ exf6 6. c3 Bd6 7. Bd3 O-O 8.
Ne2 Re8 9. Be3 Nd7 10. Qd2 Qc7 11. h3 Nf8 12. O-O Ng6 13. Qc2 Be6 14. c4 Qc8
15. Bxg6 hxg6 16. Bf4 Bf8 17. Ng3 g5 18. Be3 Bd6 19. Rfe1 Bxh3 20. gxh3 Qxh3
21. Qf5 Qh4 22. Kg2 g6 23. Qxf6 Bxg3 24. fxg3 Qe4+ 25. Kf2 Re6 26. Qxg5 Rae8
27. Re2 c5 28. Qh6 Rf6+ 29. Kg1 Rf5 30. Rh2 Qxe3+ 31. Qxe3 Rxe3 32. g4 Rf4 33.
dxc5 Rxg4+ 34. Kf2 Rge4 35. b3 Re5 36. Rd1 Re2+ 37. Kg1 Re1+ 38. Rxe1 Rxe1+ 39.
Kf2 Re5 40. Kf3 Rxc5 41. Rd2 Rc7 42. Kf4 Kg7 43. Rd8 a6 44. Rd6 f6 45. Rb6 Re7
46. Kg4 Kf7 47. Kf4 g5+ 48. Kf5 Re5+ 49. Kg4 Re4+ 50. Kf3 Re7 51. c5 Rc7 52. b4
Kg6 53. Kg4 a5 54. a3 axb4 55. axb4 Rd7 56. b5 Rc7 57. c6 bxc6 58. Rxc6 Rd7 59.
b6 Rd4+ 60. Kf3 Rb4 61. Kg3 Kf5 62. Rc5+ Ke4 63. Kg4 Rxb6 64. Rf5 Ra6 65. Rf1
Ke5 66. Re1+ Kd6 67. Kf5 Kd7 68. Re2 Rd6 69. Re1 1/2-1/2

[Event "22. Aberto Xadrez Albariño"]
[Site "Cambados ESP"]
[Date "2006.08.11"]
[Round "9.1"]
[White "Iotov, Valentin"]
[Black "Nanu, Ciprian"]
[Result "1/2-1/2"]
[WhiteElo "2493"]
[BlackElo "2457"]
[PlyCount "21"]
[EventDate "2006.08.03"]
[EventType "swiss"]
[EventRounds "9"]
[EventCountry "ESP"]
[Source "lmi"]
[SourceDate "2006.08.11"]

1. c4 c5 2. g3 Nc6 3. Bg2 g6 4. Nc3 Bg7 5. d3 Nf6 6. Nf3 O-O 7. O-O d6 8. Rb1
Rb8 9. a3 a6 10. Bd2 Bd7 11. b4 1/2-1/2

[Event "22. Aberto Xadrez Albariño"]
[Site "Cambados ESP"]
[Date "2006.08.11"]
[Round "9.2"]
[White "Dimitrov, Vladimir"]
[Black "Garcia Castro, Pablo"]
[Result "1/2-1/2"]
[WhiteElo "2454"]
[BlackElo "2336"]
[PlyCount "50"]
[EventDate "2006.08.03"]
[EventType "swiss"]
[EventRounds "9"]
[EventCountry "ESP"]
[Source "lmi"]
[SourceDate "2006.08.11"]

1. c4 e5 2. g3 Nc6 3. Bg2 Bc5 4. a3 d6 5. Nc3 a6 6. e3 Nge7 7. Nge2 Ba7 8. b4
O-O 9. d3 Be6 10. Nd5 Qd7 11. Bb2 Rae8 12. O-O Nd8 13. Rc1 Ng6 14. e4 f5 15.
exf5 Bxf5 16. d4 Bg4 17. f3 Be6 18. Kh1 b5 19. Ne3 Bh3 20. Qd2 exd4 21. Nxd4
Bxg2+ 22. Kxg2 c5 23. Ndc2 cxb4 24. axb4 bxc4 25. Nxc4 d5 1/2-1/2

[Event "22. Aberto Xadrez Albariño"]
[Site "Cambados ESP"]
[Date "2006.08.11"]
[Round "9.3"]
[White "Manolache, Marius"]
[Black "Rodriguez Lopez, Rafael"]
[Result "1-0"]
[WhiteElo "2501"]
[BlackElo "2281"]
[PlyCount "83"]
[EventDate "2006.08.03"]
[EventType "swiss"]
[EventRounds "9"]
[EventCountry "ESP"]
[Source "lmi"]
[SourceDate "2006.08.11"]

1. d4 Nf6 2. Nf3 g6 3. c4 Bg7 4. Nc3 d5 5. e3 O-O 6. Qb3 dxc4 7. Bxc4 c5 8. O-O
Nc6 9. Ne5 Qe8 10. Nxc6 Qxc6 11. d5 Qc7 12. h3 a6 13. a4 Nd7 14. Rd1 Ne5 15.
Be2 Rd8 16. e4 h6 17. Be3 Rb8 18. f4 Nd7 19. d6 Qc6 20. e5 e6 21. Bf3 Qb6 22.
Qxb6 Nxb6 23. Bxc5 Nd7 24. Ba7 Ra8 25. Bd4 g5 26. g3 gxf4 27. gxf4 f6 28. Re1
fxe5 29. fxe5 Rb8 30. Be2 b6 31. Bg4 Re8 32. Kh2 Bb7 33. Rg1 Kh8 34. Raf1 Bc6
35. Be3 b5 36. axb5 axb5 37. Ne2 b4 38. Nf4 Rb5 39. Nxe6 Nxe5 40. Nxg7 Nxg4+
41. hxg4 Rxe3 42. Nf5 1-0